000 005450000a22001810004500
003 MACL
005 20160410131815.0
008 160410b xxu||||| |||| 00| 0 eng d
040 _aMACL
_cMACL
041 _aHindi
082 _a568
100 _aडॉ महेन्‍द्र मिश्रा
_950000
245 _aभोजन क्‍या क्‍यों कैसे
260 _bहाडौती प्रकाशन
_c2008
_aजयपुर
350 _a150
650 _aHome Sci.
_951714
942 _cHIN
_k568
_2ddc
999 _c44947
_d44947